| 000 | 01235cam a22003497a 4500 | ||
|---|---|---|---|
| 003 | CHAP | ||
| 005 | 20220329142440.0 | ||
| 008 | 010228d2000 mx r 00110 spa d | ||
| 010 | _a83654 | ||
| 011 | _a84626 | ||
| 035 | _a95151 | ||
| 040 | _cCHAP | ||
| 090 | _aTesis | ||
| 100 | 0 | 0 |
_aAcosta Gutierrez, Juan German. _9657 |
| 245 | 1 | 0 |
_aMaquinaria agrícola sistema interactivo _c/por Juan Germán Acosta Gutiérrez. |
| 260 |
_aBermejillo, Dgo. : _bEl autor, _c2000. |
||
| 300 |
_a114 h. : _bcuads. |
||
| 502 | _aTesis (Ing. Agr. Esp. en Sistemas Agrícolas de Zonas Aridas) -- UACH. Unidad Regional Universitaria de Zonas Aridas. | ||
| 590 |
_aALEPH _b10 _c20130110 _lUCH01 _h1441 |
||
| 590 |
_aBATCH-UPD _b10 _c20130110 _lUCH01 _h1938 |
||
| 590 |
_aBATCH-UPD _b10 _c20130410 _lUCH01 _h1301 |
||
| 590 |
_aBATCH-UPD _b10 _c20130914 _lUCH01 _h1759 |
||
| 590 |
_aCONVERSION _b10 _c20130109 _lUCH01 _h1346 |
||
| 650 | 1 | 4 |
_aAgricultura _xInnovaciones tecnológicas. _91565 |
| 650 | 1 | 4 |
_aMaquinaria agrícola. _971151 |
| 650 | 1 | 4 |
_aMultimedia en educación. _979461 |
| 901 | _aBK | ||
| 905 | _aEdna Luz | ||
| 942 | _cFOLL | ||
| 949 |
_bBC _cTES _d33724000818100 _eTS2 _fc.2 _h37924 _i95151 _sb |
||
| 949 |
_bBC _cTES _d951511 _eTS1 _h37923 _i95151 _sb |
||
| 999 |
_c83654 _d83654 |
||